It's fine to be nine. (Record no. 110757)
[ view plain ]
| 000 -LEADER | |
|---|---|
| fixed length control field | 00562nam a2200229 a 4500 |
| 001 - CONTROL NUMBER | |
| control field | 2753 |
| 005 - DATE AND TIME OF LATEST TRANSACTION | |
| control field | 20140414131903.0 |
| 008 - FIXED-LENGTH DATA ELEMENTS--GENERAL INFORMATION | |
| fixed length control field | 050928s19uu xx 00 eng d |
| 020 ## - INTERNATIONAL STANDARD BOOK NUMBER | |
| International Standard Book Number | 0-590-38604-2 |
| 050 ## - LIBRARY OF CONGRESS CALL NUMBER | |
| Classification number | FIC |
| Item number | B56 1998 |
| 100 ## - MAIN ENTRY--PERSONAL NAME | |
| Personal name | Blume, Judy |
| 245 ## - TITLE STATEMENT | |
| Title | It's fine to be nine. |
| 260 ## - PUBLICATION, DISTRIBUTION, ETC. (IMPRINT) | |
| Place of publication, distribution, etc | New York : |
| Name of publisher, distributor, etc | Scholasic, |
| Date of publication, distribution, etc | 1998. |
| 300 ## - PHYSICAL DESCRIPTION | |
| Extent | 130 p. ill. ; cm. |
| 700 ## - ADDED ENTRY--PERSONAL NAME | |
| Personal name | |
| 700 ## - ADDED ENTRY--PERSONAL NAME | |
| Personal name | Beverly Cleary |
| 700 ## - ADDED ENTRY--PERSONAL NAME | |
| Personal name | Patricia Maclachlan |
| 700 ## - ADDED ENTRY--PERSONAL NAME | |
| Personal name | Daniel Pinkwater |
| 700 ## - ADDED ENTRY--PERSONAL NAME | |
| Personal name | Susan Shreve |
| 700 ## - ADDED ENTRY--PERSONAL NAME | |
| Personal name | Jerry Spinelli |
| Withdrawn status | Lost status | Damaged status | Home library | Current library | Shelving location | Date acquired | Source of acquisition | Total Checkouts | Full call number | Barcode | Date last seen | Price effective from | Koha item type |
|---|---|---|---|---|---|---|---|---|---|---|---|---|---|
| Munich Library | Munich Library | Fiction Section | 09/28/2005 | FIC B56 1998 | M1240 | 04/14/2014 | 04/14/2014 | Books |